000 004750000a22001810004500
003 LK-CoMWRAF
005 20231001093915.0
008 230817t1977 ||||| |||| 00| 0 eng d
040 _aLK-CoMWRAF
_dLK-CoMWRAF
_eLK-CoMWRAF
041 _aeng
082 _a297
_bQUT
100 _aQutb, Sayyid
245 _aMilestones
260 _aKuwait :
_bI.I.F.S.O. (International Islamic Federation of Student Organization),
_c1977
300 _a303p
650 _aIslam
942 _cBK
999 _c1659
_d1659